| 000 | 00678nam a22002297a 4500 | ||
|---|---|---|---|
| 001 | 85487 | ||
| 003 | BD-RjUL | ||
| 005 | 20250810100632.0 | ||
| 008 | 250810s1954 us a|||| |||| 00| 0 eng d | ||
| 035 | _a(BD-RjUL)85487 | ||
| 040 |
_aBD-RjUL _beng _cBD-RjUL _dDLC _eDLC |
||
| 041 | _aeng | ||
| 082 |
_223 _a920.42 _bWHO 1954 |
||
| 245 |
_aThe Chartered Institute of Secret Aries, _cWho s, Who |
||
| 246 |
_a14 New Bridge Street, London, E. C. A. _bAdam and Charles Black |
||
| 260 |
_aLondon _bLondon W. I. _c1954 |
||
| 300 |
_a3264 page, _bill,; _c8 cm. |
||
| 505 | _aVol-1, | ||
| 650 |
_aInstitute of Secret _vChartered _916533 |
||
| 700 |
_aWho s, Who _916534 |
||
| 942 |
_2ddc _cBK |
||
| 999 |
_c85487 _d85487 |
||